CHALLENGES FACING USERS IN THE INTERGRATED FINANCIAL MANAGEMENT INFORMATION SYSTEM IN SERVICE DELIVERY:A CASE OF THE NATIONAL TREASURY, NAIROBI KENYA (Record no. 216061)

MARC details
000 -LEADER
fixed length control field 00643nam a22001577a 4500
008 - FIXED-LENGTH DATA ELEMENTS--GENERAL INFORMATION
fixed length control field 250902b |||||||| |||| 00| 0 eng d
050 ## - LIBRARY OF CONGRESS CALL NUMBER
Classification number THE HG 4028 .N 93 2019
100 ## - MAIN ENTRY--PERSONAL NAME
Personal name NYAGA,NJAGI STEPHEN
245 ## - TITLE STATEMENT
Title CHALLENGES FACING USERS IN THE INTERGRATED FINANCIAL MANAGEMENT INFORMATION SYSTEM IN SERVICE DELIVERY:A CASE OF THE NATIONAL TREASURY, NAIROBI KENYA
260 ## - PUBLICATION, DISTRIBUTION, ETC.
Place of publication, distribution, etc. KISII UNIVERSITY,
Name of publisher, distributor, etc. KISII UNIVERSITY PRESS,
Date of publication, distribution, etc. 2019,
300 ## - PHYSICAL DESCRIPTION
Extent XViii, 109 P, ILL
500 ## - GENERAL NOTE
General note INCLUDES BIBLIOGRAPHICAL REFERENCES
650 ## - SUBJECT ADDED ENTRY
Topical term or geographic name entry element Capital investments - Kenya, Business enterprises - Valuation - Kenya
942 ## - ADDED ENTRY ELEMENTS (KOHA)
Source of classification or shelving scheme Library of Congress Classification
Koha item type Reference
Holdings
Withdrawn status Lost status Source of classification or shelving scheme Damaged status Not for loan Collection Home library Current library Shelving location Date acquired Inventory number Total checkouts Full call number Barcode Date last seen Copy number Price effective from Koha item type
    Library of Congress Classification     Business & Economics Kisii University Library Kisii University Library On Display 09/02/2025 108016   THE HG 4028V.N93 2019 000000024633 09/02/2025 C.1 09/02/2025 Long Loan Book